States With the Most High School Show Choirs - Statistics

General Stats
  • This quiz has been taken 71 times
  • The average score is 6 of 10
Answer Stats
Hint Answer % Correct
124 California
95%
54 Texas
77%
65 Illinois
68%
126 Indiana
68%
237 Ohio
64%
153 Iowa
61%
69 Missouri
59%
108 Nebraska
46%
122 Wisconsin
39%
52 Mississippi
23%
No matching quizzes found
Score Distribution
Percent of People with Each Score
Percentile by Number Answered
Your Score History
You have not taken this quiz